000 00329nam a2200133Ia 4500
005 20251222141908.0
008 251222s9999||||xx |||||||||||||| ||spa||
020 _a84-206-3398-4
082 _a868.6/T72C
100 _aTorrente Ballester, Gonzalo
245 0 _aCompostela y su Ángel
264 _bAlianza Editorial
942 _cLIB
999 _c8296
_d8296